000 00760nam a2200253Ia 4500
003 OSt
005 20220925200051.0
006 a|||||r|||| 00| 0
007 ta
008 220923b |||||||| |||| 00| 0 eng d
037 _cGeneral Book
040 _aRTL
_cRTL
_beng
041 _2eng
_aeng
082 _aT3.44Q7214.N6, K3
100 _aQuddus M A
_9256551
245 0 _aEducation for illiterate adults
260 _aComilla
_bPakistan Academy for Rural Development
_c1963
300 _a74p.
_ccm.
490 _aPakistan academy for rural development (Comilla), monographs
500 _aBib p. 70-73
650 _aAdult Education
_9177582
942 _hT3.44Q7214.N6, K3
_cGB
_2CC
999 _c535348
_d535348